| 000 | 02387cad a22002655a 4500 | ||
|---|---|---|---|
| 001 | L141540 | ||
| 008 | 071129e20071015xxk f v 000 0 eng d | ||
| 035 | _a(Sirsi) u141540 | ||
| 041 | 0 | _aeng | |
| 245 | 0 | 0 |
_aR (on the application of Gilboy) v Liverpool CC and interested party _h[electronic resource] |
| 260 | _c2007 | ||
| 520 | _a[2007] EWHC 2335, 27 September 2007. Considers whether demoted tenancy regulations and the European Convention of Human Rights are compatible. The defendant local authority (L) obtained a tenancy demotion order against the tenant (G) owing to her son's antisocial and criminal behaviour. Following allegations of further antisocial behaviour, L decided to terminate G's demoted tenancy. G requested a review of this decision, which a senior officer upheld. G then applied for a judicial review, arguing that article 6 of the European Convention of Human Rights applied, giving her right to a fair hearing. G argued that the reviewing officer was not independent in an impartial and lawful tribunal. The Secretary of State was included as an interested party, stating that there was no distinction in the legislation between introductory and demoted tenancies. "Held": The case of McLellan v Bracknell Forest BC (ABS65751) established that introductory tenancies were compatible with article 6. The 2004 regulations are also compatible with article 6. An internal local authority review together with the option of a judicial review was considered to satisfy article 6 requirements. A review by a local authority officer could be considered as a review by independent and impartial tribunal. Application refused. | ||
| 590 | _aKA | ||
| 650 | 2 | 4 | _aGILBOY V LIVERPOOL CC AND INTERESTED PARTY |
| 650 | 2 | 4 | _aCONVENTION FOR THE PROTECTION OF HUMAN RIGHTS AND FUNDAMENTAL FREEDOMS ART 6 |
| 650 | 2 | 4 | _aDEMOTED TENANCIES (REVIEW OF DECISIONS) (ENGLAND) REGULATIONS 2004 |
| 650 | 2 | 4 | _aHOUSING ACT 1985 |
| 650 | 2 | 4 | _aHOUSING ACT 1996 |
| 650 | 2 | 4 | _aANTI-SOCIAL BEHAVIOUR ACT 2003 |
| 650 | 2 | 4 | _aMCLELLAN V BRACKNELL FOREST BC AND ANOTHER |
| 651 | 4 |
_aEngland and Wales _y1543- |
|
| 690 | _aPROPERTY-RESIDENTIAL PROPERTY-RESIDENTIAL LANDLORD AND TENANT-RESIDENTIAL TENANCIES-FORFEITURE OF RESIDENTIAL TENANCIES | ||
| 856 | 4 | 0 |
_uhttps://www.bailii.org/ew/cases/EWHC/Admin/2007/2335.html _zView the judgment free of charge at www.bailii.org... |
| 942 | _n0 | ||
| 999 |
_c79518 _d79518 |
||